[Event "Sao Paulo-ch"]
[Site "Sao Paulo"]
[Date "2002.03.??"]
[Round "1"]
[White "Da Mata, Luiz Carlos"]
[Black "Cruz, Ricardo Benares de"]
[Result "1/2-1/2"]
[WhiteElo "2140"]
[BlackElo "2307"]
[PlyCount "69"]
[EventDate "2002.03.??"]
[EventType "swiss"]
[EventRounds "6"]
[EventCountry "BRA"]
[SourceTitle "EXT 2016"]
[Source "ChessBase"]
[SourceDate "2015.10.08"]
[SourceVersion "1"]
[SourceVersionDate "2015.10.08"]
[SourceQuality "1"]

1. d4 d5 2. Nf3 Nf6 3. c4 c6 4. cxd5 cxd5 5. Nc3 Nc6 6. Bf4 Ne4 7. Qa4 Nxc3 8. bxc3 Qa5 9. Qb3 Bd7 10. e3 Rc8 11. Be2 b6 12. 0-0 e6 13. a4 Be7 14. Rfc1 0-0 15. Nd2 e5 16. dxe5 g5 17. Bg3 Qc5 18. Qb5 Nd4 19. exd4 Bxb5 20. dxc5 Bxe2 21. cxb6 axb6 22. Nb3 Bc4 23. Nd4 Bc5 24. e6 Bxd4 25. exf7+ Rxf7 26. cxd4 Ra7 27. Rab1 Rxa4 28. Rxb6 Rca8 29. h3 Ra1 30. Rxa1 Rxa1+ 31. Kh2 Ra2 32. Rd6 Rd2 33. Be5 Rxf2 34. Rd7 h6 35. Kg3 1/2-1/2

[Event "Itau Cup 5th"]
[Site "Sao Paulo"]
[Date "2001.10.18"]
[Round "6"]
[White "Cruz, Ricardo Benares de"]
[Black "Rocha, Wellington Carlos"]
[Result "1-0"]
[WhiteElo "2270"]
[BlackElo "2304"]
[PlyCount "73"]
[EventDate "2001.10.13"]
[EventType "swiss"]
[EventRounds "9"]
[EventCountry "BRA"]
[SourceTitle "CBM 084 Extra"]
[Source "ChessBase"]
[SourceDate "2001.10.26"]
[SourceVersion "1"]
[SourceVersionDate "2001.10.26"]
[SourceQuality "1"]

1. d4 Nf6 2. Nf3 e6 3. e3 c5 4. Bd3 d5 5. 0-0 Be7 6. b3 Nc6 7. Bb2 0-0 8. Nbd2 b6 9. dxc5 Bxc5 10. a3 Bb7 11. b4 Be7 12. c4 dxc4 13. Nxc4 b5 14. Nce5 Nxe5 15. Bxe5 a6 16. Qe2 Nd5 17. e4 f6 18. exd5 fxe5 19. Nxe5 Qxd5 20. f4 g6 21. Rad1 Qd4+ 22. Kh1 Qc3 23. Rc1 Qxa3 24. Rc7 Ra7 25. Nxg6 Bxg2+ 26. Qxg2 Rxc7 27. Nxf8+ Kxf8 28. Bxh7 Bf6 29. f5 Rxh7 30. Qa8+ Kg7 31. Rg1+ Kh6 32. Rg6+ Kh5 33. Qe4 Bg5 34. Qe2+ Kh4 35. Rxe6 Qc1+ 36. Kg2 Rg7 37. Qf2+ 1-0

[Event "Itau Cup 5th"]
[Site "Sao Paulo"]
[Date "2001.10.17"]
[Round "5"]
[White "Cruz, Ricardo Benares de"]
[Black "Leitao, Rafael Duailibe"]
[Result "1/2-1/2"]
[WhiteElo "2270"]
[BlackElo "2581"]
[PlyCount "93"]
[EventDate "2001.10.13"]
[EventType "swiss"]
[EventRounds "9"]
[EventCountry "BRA"]
[SourceTitle "CBM 084 Extra"]
[Source "ChessBase"]
[SourceDate "2001.10.26"]
[SourceVersion "1"]
[SourceVersionDate "2001.10.26"]
[SourceQuality "1"]

1. d4 Nf6 2. Nf3 c5 3. e3 g6 4. dxc5 Qa5+ 5. Nbd2 Qxc5 6. a3 Bg7 7. b4 Qc7 8. Bb2 0-0 9. c4 b6 10. Be2 Bb7 11. 0-0 d6 12. Rc1 Nbd7 13. Qb3 Rac8 14. Rc2 Qb8 15. Rfc1 Qa8 16. h3 Rc7 17. Bf1 Rfc8 18. Qa2 a6 19. Be2 Nf8 20. Bd4 N8d7 21. Bb2 Bc6 22. Qb3 Ra7 23. Bf1 Rac7 24. Nd4 Bb7 25. N4f3 e5 26. Qa2 a5 27. Qb3 Bc6 28. Ra1 a4 29. Qa2 b5 30. Rac1 bxc4 31. Bxc4 Nb6 32. Be2 Bd5 33. Qb1 Ba2 34. Rxc7 Bxb1 35. Rxc8+ Nxc8 36. Nxb1 Nb6 37. Nc3 Nfd7 38. Bb5 d5 39. Nxa4 Nxa4 40. Bxd7 Nb6 41. Bb5 d4 42. Bc6 Qd8 43. exd4 exd4 44. Re1 d3 45. Re8+ Qxe8 46. Bxe8 Bxb2 47. Bb5 1/2-1/2